00525nam a2200157 a 4500008004100000020001500041050002000056100001900076245006100095246007600156260006000232300001300292350000900305650001400314650003900328120416s1982 ||||||||||||||||| || u a0896330481 aHD 82.L4753 Doe aHessen, Robert10aDoes big business rule America?cedited by Robert Hessen acritical commentaries on Charles E. Lindblom's ''Politics and markets'' aWashington, D.C.bEthics and Public Policy Centrec1982 a(4),74p. a0.00 0aECONOMICS aPOLITICAL ECONOMICS--UNITED STATES